El mercado de capitales Colombiano en los noventa , y las firmas comisionistas de bolsa (Registro nro. 26509)

Detalles MARC
000 -CABECERA
Longitud fija campo de control 00920nam a2200217 a 4500
003 - • IDENTIFICADOR DELl NÚMERO DE CONTROL
Identificador del número de control CO-ViMGA
008 - • CÓDIGOS DE INFORMACIÓN DE LONGITUD FIJA
Códigos de información de longitud fija 141112s2004 ck r 000 u spa d
020 ## - • NÚMERO INTERNACIONAL NORMALIZADO PARA LIBROS
Número Internacional Normalizado para Libros (ISBN) 9586823938
040 ## - FUENTE DE LA CATALOGACIÓN
Centro catalogador de origen CO-ViMGA
Lengua de catalogación spa
Centro transcriptor CO-ViMGA
082 04 - • NÚMERO DE LA CLASIFICACIÓN DECIMAL DEWEY
Número de clasificación (R) 332.04152 A713m
100 1# - • PUNTO DE ACCESO PRINCIPAL-NOMBRE DE PERSONA
Nombre de persona Arbeláez, María Ángelica; Zuluaga, Sandra; Guerra, María Lucía
245 10 - • TITULO PROPIAMENTE DICHO
Título El mercado de capitales Colombiano en los noventa , y las firmas comisionistas de bolsa
300 ## - • DESCRIPCIÓN FÍSICA
Extensión 161.p.
505 ## - • NOTA DE CONTENIDO CON FORMATO
Nota de contenido con formato El mercado de capitales mundial en los años noventa Mercado de capitales Colombiano en los años noventa Evolución reciente de las firmas comisionistas La deuda pública interna y el mercado de capitales
590 ## - NOTAS LOCALES
Nota local Forma de adquisición : Proyecto 2005 - - Precio :
-- 6.100
650 14 - • PUNTO DE ACCESO ADICIONAL DE MATERIA - TÉRMINO DE MATERIA
Término de materia o nombre geográfico como elemento inicial Economía - COLOMBIA
650 14 - • PUNTO DE ACCESO ADICIONAL DE MATERIA - TÉRMINO DE MATERIA
Término de materia o nombre geográfico como elemento inicial INVERSIONES - COLOMBIA
942 ## - ENTRADA DE ELEMENTOS AGREGADOS (KOHA)
Fuente de clasificaión o esquema Dewey Decimal Classification
Koha [por defecto] tipo de item LIbro
Existencias
Perdido Fuente de clasificación o esquema Estado Físico No para préstamo Forma de adquisición Localización permanente Localización actual Fecha adquisición Serie de enumeración / cronolog&íacute;a Préstamos totales Signatura completa Código de barras Fecha última consulta Número de copia Fecha del precio de reemplazo Tipo de item de Koha
  Dewey Decimal Classification     Sala Especializada Tercer Piso Biblioteca Pública Germán Arciniegas - Villavicencio Biblioteca Pública Germán Arciniegas - Villavicencio 12/04/2015 Volumen. 1 | 11/jun/2009   332.04152 A713m 16871 02/27/2019 Ej. 1 12/04/2015 LIbro









Instituto Departamental de Cultura del Meta - Red Departamental de Bibliotecas Públicas del Meta.